000 00632nam a22001217a 4500
040 _cRUA
082 _aAGR.BB SIE 2010 B060 Or.1
100 _aSIENG, VANSITHA.
245 _aEffect of organic fertilizer on melon in anlongvil commune, sanke district, battambang province, ឥទ្ធិពលជីសរីរាង្គលើដំណាំមីឡុង ក្នុងឃុំអន្លុងវិល ស្រុកសង្កែ ខេត្តបាត់ដំបង.
300 _aix,71p.
_bill.
_c29cm.
856 _uhttps://drive.google.com/file/d/1XDpkQTgEWIPwH_p_X9SJkenX0qv6AG-O/view?usp=sharing
942 _cAGRBB
999 _c1434
_d1434